| 000 | 00953nam a2200241 a 4500 | ||
|---|---|---|---|
| 001 | 000035809 | ||
| 005 | 20200930074629.0 | ||
| 008 | 111114s1957 mx 000 0 spa d | ||
| 040 |
_aDO-SdBNP _bspa _cBNPHU |
||
| 082 |
_axxxx _bP769c |
||
| 100 | 1 |
_aPolizer, Georges _961760 |
|
| 240 | 1 | 0 |
_aPrincepes Fundamentaus de Philosophie _lFrancés |
| 245 | 1 | 0 |
_aCursos de filosofia II : _bprincipios fundamentales / _cGorges Polizer, Guy Besse, Maurice Caveing; traducción Elisa Ruiz. |
| 260 |
_aMéxico : _bFondo de Cultura Populares, _c1957. _fEditora Popular |
||
| 300 |
_a149 p. ; _c21 cm. |
||
| 500 | _aIncluye referencias bibliográficas y notas al pie de las páginas | ||
| 505 | 0 |
_gPrimera parte _tEstudio del método dialéctico marxista |
|
| 590 | _aPerteneció a la biblioteca personal de Juan Isidro Jimenes Grullón | ||
| 700 | 1 | 2 |
_aBasse, Guy _961761 |
| 700 | 1 | 2 |
_aCaveing, Maurice _961762 |
| 700 | 1 | 2 |
_aRuis, Elisa _etr. _961763 |
| 049 | _aBNPD | ||
| 999 |
_c35300 _d35300 |
||